002460000a220007300045001000017000002450065000173000044000827730046001261 aWeston, Paul10aPathways to faith : Reflections on congreagtional evangelism aVol. 16, Num. 1 (1998), Páginas 45-570 tScottish Bulletin of Evangelical Theology